00524nam a2200169Ia 4500001000900000003000500009005001700014008004100031010001100072040001800083100002900101245009200130260008100222300001000303500003100313650001000344dia_4296CHAP20251029154657.0220117s1983 xx 000 0 und d a170766 cCHAPamxchpua aMoreno Gálvez, Rodolfo aObtención de variedades de trigo de temporal zona centro /c Rodolfo Moreno Gálvez aMéxico :b SARH, Instituto nacional de investigaciones agrícolas,c1983 a36 p. aS/c Folleto miscelaneo, 1) aTrigo